| 000 | 00642nam a2200169Ia 4500 | ||
|---|---|---|---|
| 008 | 110201s9999 xx 000 0 und d | ||
| 082 |
_bB3372 _aS 418 |
||
| 100 | _aकौलगुड अरुणा | ||
| 245 | _aमहिलांसाठी मोलाचे उद्योग | ||
| 260 | _bमेहता पब्लि.हा | ||
| 365 | _b30 | ||
| 600 | _aकौलगुड अरुणा | ||
| 630 | _aमहिलांसाठी मोलाचे उद्योग | ||
| 700 | _aकौलगुड अरुणा | ||
| 730 | _aमहिलांसाठी मोलाचे उद्योग | ||
| 942 | _cBOOK | ||
| 999 |
_c830018 _d830015 |
||